| Tag |
First Indicator |
Second Indicator |
Subfields |
| LEADER |
00000cam a2200000 a 4500 |
| 001 |
in00000013656 |
| 005 |
20190207093349.0 |
| 008 |
861020m19849999txu i 00010 eng |
| 010 |
|
|
|a 84081959
|
| 035 |
|
|
|a (OCoLC)14441991
|
| 035 |
|
|
|9 AAA7620AM
|
| 040 |
|
|
|a DLC
|c TVP
|d WIH
|d TXA
|d UtOrBLW
|
| 043 |
|
|
|a n-us-tx
|
| 049 |
|
|
|a TXAS
|v 1 [A08602528]
|
| 050 |
|
4 |
|a F392.T8
|b H5 1984
|
| 100 |
1 |
|
|a Hensley, Joseph Woodrow,
|d 1913-
|
| 245 |
1 |
0 |
|a Marriage record, Trinity County, Texas /
|c [compiled by Joseph W. Hensley].
|
| 264 |
|
1 |
|a Groveton, Tex. :
|b J.W. Hensley,
|c [1984-]
|
| 264 |
|
4 |
|c ©1984-
|
| 300 |
|
|
|a volumes ;
|c 28 cm.
|
| 336 |
|
|
|a text
|b txt
|2 rdacontent
|
| 337 |
|
|
|a unmediated
|b n
|2 rdamedia
|
| 338 |
|
|
|a volume
|b nc
|2 rdacarrier
|
| 500 |
|
|
|a The Cushing Library/Chapman Texas Collection copy is part of the Floyd & Louise Chapman Texas & Borderlands Collection.
|5 TXA
|
| 500 |
|
|
|a Indexed by bride and groom.
|
| 505 |
1 |
|
|a v. 1. 1876-1893.
|
| 650 |
|
0 |
|a Marriage records
|z Texas
|z Trinity County.
|
| 651 |
|
0 |
|a Trinity County (Tex.)
|x Genealogy.
|
| 999 |
|
|
|a MARS
|
| 999 |
f |
f |
|s 61ad3e9f-7709-311d-b4a8-5173581c99fd
|i 9d66e545-76da-3663-bbf1-b27f8825b1b3
|t 0
|
| 952 |
f |
f |
|p noncirc
|a Texas A&M University
|b College Station
|c Cushing Memorial Library & Archives
|d Cushing: Chapman Texas Collection (Does not check out)
|t 0
|e F392.T8 H5 1984
|h Library of Congress classification
|i unmediated -- volume
|k v.1
|m A14808602528
|
| 998 |
f |
f |
|a F392.T8 H5 1984
|s v.1
|t 0
|l Cushing: Chapman Texas Collection (Does not check out)
|